| 000 | 00491nam a22001457a 4500 | ||
|---|---|---|---|
| 003 | 0 | ||
| 005 | 20230201103753.0 | ||
| 008 | 230201b xxu||||| |||| 00| 0 eng d | ||
| 050 |
_aHD28 _b.L53 2019 |
||
| 245 |
_aPoint of sale with inventory management system for forty winks incorporated _cLianza, Keneth A. |
||
| 260 |
_aLas Pinas City _bSouthville International School and Colleges _cC2019 |
||
| 300 |
_axi,110pp. _c28cm. _fTheses |
||
| 500 | _aInventory management system. | ||
| 942 |
_2lcc _cTH |
||
| 999 |
_c364918 _d364918 |
||